Spell the Marvel Hero #68 - Statistics

General Stats
  • This quiz has been taken 12 times
  • The average score is 7 of 8
Answer Stats
Picture Answer % Correct
Angel
100%
Arachne
100%
Thing
100%
Medusa
91%
Nova
91%
Firestar
73%
Flat Man
73%
Legacy (Genis-Vell)
73%
No matching quizzes found
Score Distribution
Percent of People with Each Score
Percentile by Number Answered
Your Score History
You have not taken this quiz